<?xml version="1.0" encoding="UTF-8"?>
<collection xmlns="http://www.loc.gov/MARC21/slim">
 <record>
  <leader>01032nam a2200157Ia 4500</leader>
  <controlfield tag="001">TDMU_24009</controlfield>
  <controlfield tag="008">210410s9999    xx            000 0 und d</controlfield>
  <datafield tag="082" ind1=" " ind2=" ">
   <subfield code="a">349</subfield>
  </datafield>
  <datafield tag="100" ind1=" " ind2=" ">
   <subfield code="a">Ủy ban Nhân dân tỉnh Bà Rịa - Vũng Tàu</subfield>
  </datafield>
  <datafield tag="245" ind1=" " ind2="0">
   <subfield code="a">Quyết định 10/2015/QĐ-UBND quy định Bảng giá tính lệ phí trước bạ đối với xe ô tô, xe máy, tàu, thuyền, ca nô trên địa bàn tỉnh Bà Rịa - Vũng Tàu</subfield>
  </datafield>
  <datafield tag="245" ind1=" " ind2="0">
   <subfield code="c">Ủy ban Nhân dân tỉnh Bà Rịa - Vũng Tàu</subfield>
  </datafield>
  <datafield tag="300" ind1=" " ind2=" ">
   <subfield code="a">3Tr</subfield>
  </datafield>
  <datafield tag="650" ind1=" " ind2=" ">
   <subfield code="a">Quyết định; Bà Rịa - Vũng Tàu ; Văn bản pháp luật</subfield>
   <subfield code="e">10/2015/QĐ-UBND</subfield>
   <subfield code="d">14/02/2015; Quyết định số 10; Quyết định của Ủy ban Nhân dân tỉnh Bà Rịa - Vũng Tàu ; Bảng giá tính lệ phí trước bạ ; Xe ô tô, xe máy</subfield>
  </datafield>
  <datafield tag="700" ind1=" " ind2=" ">
   <subfield code="a">Nguyễn, Thành Long</subfield>
  </datafield>
  <datafield tag="856" ind1=" " ind2=" ">
   <subfield code="u">http://lrc.tdmu.edu.vn/opac/search/detail.asp?aID=2&amp;ID=24009</subfield>
  </datafield>
  <datafield tag="980" ind1=" " ind2=" ">
   <subfield code="a">Trung tâm Học liệu Trường Đại học Thủ Dầu Một</subfield>
  </datafield>
 </record>
</collection>
